000
00253nam a2200109Ia 4500
008
200302s9999 xx 000 0 und d
100
_a
Sergi Costa Duran & Other
245
_a
Roof Design
260
_b
Daab Gmbh Published
260
_c
2007
300
_a
399
999
_c
3398
_d
3398